Xác định hằng số sinh hóa glycosylated hemoglobin (HbA1c) và insulin trong máu của chó : Báo cáo tổng kết đề tài Khoa học và Công nghệ cấp trường
Xây dựng thang chuẩn sinh hóa glycosylated hemoglobin (HbA1c) và insulin trong máu của chó nhằm ứng dụng vào công tác chẩn đoán và điều trị bệnh tiểu đường trên chó.
Uloženo v:
| Hlavní autor: | |
|---|---|
| Médium: | Kniha |
| Jazyk: | Undetermined |
| Vydáno: |
Cần Thơ
Trường Đại học Cần Thơ
2016
|
| Témata: | |
| Tagy: |
Přidat tag
Žádné tagy, Buďte první, kdo otaguje tento záznam!
|
| Thư viện lưu trữ: | Trung tâm Học liệu Trường Đại học Cần Thơ |
|---|
| LEADER | 01049nam a2200229Ia 4500 | ||
|---|---|---|---|
| 001 | CTU_230055 | ||
| 008 | 210402s9999 xx 000 0 und d | ||
| 082 | |a 636.7089 | ||
| 082 | |b Th108 | ||
| 088 | |a T2016-68 | ||
| 100 | |a Trần, Thị Thảo | ||
| 245 | 0 | |a Xác định hằng số sinh hóa glycosylated hemoglobin (HbA1c) và insulin trong máu của chó : | |
| 245 | 0 | |b Báo cáo tổng kết đề tài Khoa học và Công nghệ cấp trường | |
| 245 | 0 | |c Trần Thị Thảo (Chủ nhiệm đề tài) | |
| 260 | |a Cần Thơ | ||
| 260 | |b Trường Đại học Cần Thơ | ||
| 260 | |c 2016 | ||
| 520 | |a Xây dựng thang chuẩn sinh hóa glycosylated hemoglobin (HbA1c) và insulin trong máu của chó nhằm ứng dụng vào công tác chẩn đoán và điều trị bệnh tiểu đường trên chó. | ||
| 650 | |a Chó,Dogs | ||
| 650 | |x Bệnh,Diseases | ||
| 910 | |b nthai | ||
| 980 | |a Trung tâm Học liệu Trường Đại học Cần Thơ | ||